|
|
|
|
| LEADER |
00000cam a2200000 a 4500 |
| 001 |
vtls008201944 |
| 003 |
SK-MaSNL |
| 005 |
20260302041054.0 |
| 008 |
050808s1992 xr 000 f cze |
| 020 |
|
|
|a 8071165220
|q (brož.)
|
| 040 |
|
|
|a SNK
|b slo
|c SNK
|e AACR2
|
| 041 |
1 |
|
|a cze
|h ger
|
| 044 |
|
|
|a xr
|c CZ
|
| 080 |
|
|
|a 830-31
|2 1981
|
| 100 |
1 |
|
|a Vandenberg, Patricia,
|d 1921-2007
|4 aut
|9 256248
|
| 240 |
1 |
0 |
|a Bangen um ein Kinderherz
|l Česky
|
| 245 |
1 |
0 |
|a Pomozme si navzájem
|c Patricia Vandenbergová ; přeložila Vlasta Horská
|
| 250 |
|
|
|a 1. vyd.
|
| 260 |
|
|
|a Praha
|b Ivo Železný
|c 1992
|e Praha
|f Česká typografie
|
| 300 |
|
|
|a 62 s.
|c 20 m
|
| 490 |
0 |
|
|a Knihovnička Večerů pod lampou
|v 214
|a Dr. Norden
|v sv. 28
|
| 500 |
|
|
|a Preložené z nemčiny
|
| 655 |
|
7 |
|a nemecké romány
|2 SNKPH
|9 70433
|
| 700 |
1 |
|
|a Horská, Vlasta,
|d 1907-1980
|4 trl
|9 100235
|
| 700 |
1 |
|
|a Kárász, Karel,
|d 1957-
|4 bjd
|9 258297
|
| 830 |
|
0 |
|a Knihovnička Večerů pod lampou
|p Dr. Norden
|9 256255
|
| 852 |
|
|
|a Slovenská národná knižnica
|
| 919 |
|
|
|a 80-7116-522-0
|
| 954 |
|
|
|a beletria cudzojazyčná (svetová)
|2 lita
|
| 958 |
|
|
|a LX
|
| 958 |
|
|
|a UP
|
| 958 |
|
|
|a DE
|
| 999 |
|
|
|c 1077331
|d 1079261
|
| 952 |
|
|
|a SNK
|b SNK
|y VYP
|7 0
|p 17A1566988
|o snkID 94369
|i snkKIP 1323/93
|0 0
|1 0
|4 0
|d 2025-05-22
|l 0
|r 2026-02-24 16:14:50
|w 2026-02-24
|